000 00873nam a2200289Ia 4500
001 dia_6223
003 CHAP
005 20221006205719.0
007 ta
008 220117s2003 xx 000 0 spa d
010 _a177443
020 _a968-460-278-2
040 _cCHAP
_amxchpua
050 _aTP368.2
_bR67 2003
082 _aC 664.03
_bR67 2003
100 1 _aRosenstein Ster, Emilio
_9100130
245 1 0 _aDiccionarios de especialidades para la industria alimentaria /
_cEmilio Rosenstein Ster
250 _a13a edición
260 _aMéxico :
_bThomson PLM,
_c2003
300 _a587 páginas
650 1 3 _aIndustria de los alimentos
_xDiccionarios
_9149588
650 1 3 _aFood industry
_xDictionaries
_9149587
901 _aC 664.03 R67 2003
902 _aM
905 _a5232272003 MX ND 8222123322SPA16
942 _cLIBRO
_2ddc
999 _c177443
_d177443